LEADER 00978nam a2200229 i 4500 001 000000155714 003 CaOOAMICUS 005 20061120000000.0 008 061120s1951 it u000 u ita u 013 $a133068 040 $aSeMil$bita 100 1 $aMarangoni, Matteo.$0(OLS)http://semarc/name/41162 245 10$aSaper vedere :$bcome si guarda un'opera d'arte /$cMatteo Marangoni della Università di Pisa. 250 $a13. edizione interamente ricomposta e aumentata. 260 $aMilano :$bGarzanti,$c1951 (copyr. 1947) 300 $aIX, 385 p. :$bill. ;$c20 cm. 500 $aIn mezzo al front : Con 139 illustrazioni. 650 4$aArte - Interpretazione.$0(OLS)http://semarc/subject/13873 850 $aSeMil 852 $aSeMil$W1$xVenegono$y1$m5J VI 170$j107542$B107542$CSeMilBibl$Z2$F117050 $81 996 $6245$aSaper vedere :$bcome si guarda un'opera d'arte$9(OLS)http://semarc/title/228092 996 $6260$aMilano :$bGarzanti$9(OLS)http://semarc/publisher/29852 LEADER 00805nam a2200205 i 4500 001 000000237512 003 CaOOAMICUS 005 20250128090459.0 008 141231s1776 it u000 u ita u 013 $a216417 026 $an-N- tihe e:la st(1 (3) 1776 (R) 040 $aSeMil$bita 245 10$a2. 300 $a96 p., IV carte di tav. :$bill. 500 $aSegn.: A-M4 773 0 $aFrisi, Antonio Francesco$tMemorie della chiesa monzese raccolte e con varie dissertazioni illustrate da Antonio Francesco Frisi ... Dissertazione 1. [-4.].$dIn Milano : Appresso Giuseppe Galeazzi r. stampatore, 1774-1780.$g2$w()31210 850 $aSeMil 852 $aSeMil$W1$xVenegono$y1$m3B V 75 FA$j187858$B187858$CSeMilBibl$Z2$F198782 $8I 996 $6245$a2$9(OLS)http://semarc/title/46889